Quiz sur La Reine des Neiges (Disney) - Statistiques

Statistiques générales
  • Ce quiz a été pris 5 128 fois
  • Le résultat moyen est 10 sur 15
Statistiques - réponses
Question Réponse % Correct
Comment s'appellent les deux soeurs ? Anna
100%
Elsa
100%
Quelle créature est Olaf ? Un bonhomme de neige
90%
Quelle est la nourriture préférée du renne ? Les carottes
87%
Comment s'appelle le renne ? Sven
82%
Comment s'appelle l'homme dont le meilleur ami est un renne ? Kristoff
81%
Dans quel royaume imaginaire se déroule l'histoire ? Arendelle
75%
Comment s'appelle le prince charmant mais méchant ? Hans
72%
Quelles créatures sont des experts de l'amour ? Les trolls
70%
Quelle chanson du film a gagné l'oscar de la meilleure chanson originale ? (titre français) Libérée Délivrée
67%
D'où vient-il ? Des îles {du} {Sud}
49%
Quelle chanteuse est la voix française de la plus âgée des deux soeurs ? Anaïs Delva
47%
Qui est l'auteur du conte "La reine des neiges" dont est inspiré le film ? Hans Christian Andersen
16%
Comment s'appelle le vendeur de la boutique dans la montagne ? Oaken
15%
Quel comédien est sa voix française ? Donald Reignoux
13%
Aucun quiz correspondant
Distribution des résultats
% des personnes avec chaque résultat
Percentile par nombre de réponses
Votre historique - résultats
Vous n’avez pas pris ce quiz